Studies on chlorinated organic compounds (Record no. 2445)

MARC details
000 -LEADER
fixed length control field 00959nam a2200277Ia 4500
001 - CONTROL NUMBER
control field u21952
003 - CONTROL NUMBER IDENTIFIER
control field SIRSI
005 - DATE AND TIME OF LATEST TRANSACTION
control field 20180219123714.0
007 - PHYSICAL DESCRIPTION FIXED FIELD--GENERAL INFORMATION
fixed length control field he|amb|||bacu
008 - FIXED-LENGTH DATA ELEMENTS--GENERAL INFORMATION
fixed length control field 000816s1969 ua a b 000 0 eng d
039 #9 - LEVEL OF BIBLIOGRAPHIC CONTROL AND CODING DETAIL [OBSOLETE]
Level of rules in bibliographic description 200301151240
Level of effort used to assign nonsubject heading access points said
-- 200203190952
-- load
040 ## - CATALOGING SOURCE
Original cataloging agency EAL
090 ## - LOCALLY ASSIGNED LC-TYPE CALL NUMBER (OCLC); LOCAL CALL NUMBER (RLIN)
Classification number (OCLC) (R) ; Classification number, CALL (RLIN) (NR) Thesis
Local cutter number (OCLC) ; Book number/undivided call number, CALL (RLIN) S-1495
100 1# - MAIN ENTRY--PERSONAL NAME
Personal name Soliman, Nabil Zaki.
245 10 - TITLE STATEMENT
Title Studies on chlorinated organic compounds
Medium [microform] /
Statement of responsibility, etc. Nabil Zaki Soliman.
246 ## - VARYING FORM OF TITLE
Title proper/short title دراسات علىالمركبات العضوية الكلورينية.
260 ## - PUBLICATION, DISTRIBUTION, ETC.
Date of publication, distribution, etc. 1969.
300 ## - PHYSICAL DESCRIPTION
Extent 99, 3 leaves :
Other physical details ill. ;
Dimensions 30 cm.
504 ## - BIBLIOGRAPHY, ETC. NOTE
Bibliography, etc. note Includes bibliographical references (leaves 93-99).
533 ## - REPRODUCTION NOTE
Type of reproduction Microfiche.
Place of reproduction ASUNET,
Agency responsible for reproduction Ain Shams University,
Physical description of reproduction 2 microfiches : negative.
546 ## - LANGUAGE NOTE
Language note Summary in Arabic.
546 ## - LANGUAGE NOTE
Language note Thesis (M.S.)-- Cairo University, 1969.
596 ## -
-- 1
650 #0 - SUBJECT ADDED ENTRY--TOPICAL TERM
Topical term or geographic name entry element Organochlorine compounds.
942 ## - ADDED ENTRY ELEMENTS (KOHA)
Koha item type Microfiche
Source of classification or shelving scheme Library of Congress Classification
Holdings
Withdrawn status Lost status Source of classification or shelving scheme Damaged status Not for loan Home library Current library Date acquired Total Checkouts Full call number Barcode Date last seen Copy number Price effective from Koha item type
    Library of Congress Classification     Main Main 02/19/2018   THESIS S-1495 T01814 02/19/2018 1 02/19/2018 Microfiche

Home | About ENAL | Collections | Services | Activities | Calendar | Contact us

7 Nadi El Sayed St., Giza, Egypt | Phone:02-33351121 +02-33351313 | 
| Email: enalegypt@gmail.com